Creative environments: (Record no. 3154)
[ view plain ]
| 000 -LEADER | |
|---|---|
| fixed length control field | 00759nam a22002297a 4500 |
| 003 - CONTROL NUMBER IDENTIFIER | |
| control field | OSt |
| 005 - DATE AND TIME OF LATEST TRANSACTION | |
| control field | 20220107122719.0 |
| 008 - FIXED-LENGTH DATA ELEMENTS--GENERAL INFORMATION | |
| fixed length control field | 130812b xxu||||| |||| 00| 0 eng d |
| 020 ## - INTERNATIONAL STANDARD BOOK NUMBER | |
| International Standard Book Number | 9783540714668 |
| 040 ## - CATALOGING SOURCE | |
| Transcribing agency | IIITM-K |
| 082 ## - DEWEY DECIMAL CLASSIFICATION NUMBER | |
| Classification number | 006.3 WEI/C |
| 245 ## - TITLE STATEMENT | |
| Title | Creative environments: |
| Remainder of title | Issues of creativity support for the knowledge civilization age |
| Statement of responsibility, etc. | edited by Andrzej P Wierzbicki, Yoshiteru Nakamori |
| 260 ## - PUBLICATION, DISTRIBUTION, ETC. | |
| Place of publication, distribution, etc. | Heidelberg, |
| Name of publisher, distributor, etc. | Springer, |
| Date of publication, distribution, etc. | 2007. |
| 300 ## - PHYSICAL DESCRIPTION | |
| Extent | xix, 509p. |
| 440 ## - SERIES STATEMENT/ADDED ENTRY--TITLE | |
| Title | Studies in computational intelligence |
| Number of part/section of a work | 59 |
| 9 (RLIN) | 2355 |
| 650 ## - SUBJECT ADDED ENTRY--TOPICAL TERM | |
| Topical term or geographic name entry element | COMPUTER SCIENCE |
| 9 (RLIN) | 1398 |
| 650 ## - SUBJECT ADDED ENTRY--TOPICAL TERM | |
| Topical term or geographic name entry element | COMPUTATIONAL INTELLIGENCE |
| 9 (RLIN) | 1399 |
| 650 ## - SUBJECT ADDED ENTRY--TOPICAL TERM | |
| Topical term or geographic name entry element | DATA MINING |
| 9 (RLIN) | 1400 |
| 700 ## - ADDED ENTRY--PERSONAL NAME | |
| Personal name | Wierzbicki, Andrzej P |
| 9 (RLIN) | 1401 |
| 700 ## - ADDED ENTRY--PERSONAL NAME | |
| Personal name | Nakamori, Yoshiteru |
| 9 (RLIN) | 1402 |
| 942 ## - ADDED ENTRY ELEMENTS (KOHA) | |
| Source of classification or shelving scheme | Dewey Decimal Classification |
| Koha item type | Books |
| Withdrawn status | Lost status | Source of classification or shelving scheme | Damaged status | Not for loan | Collection code | Home library | Current library | Shelving location | Date acquired | Cost, normal purchase price | Total Checkouts | Full call number | Barcode | Date last seen | Price effective from | Koha item type |
|---|---|---|---|---|---|---|---|---|---|---|---|---|---|---|---|---|
| Dewey Decimal Classification | Artificial Intelligence/ Computational Intelligence / Cognitive Computing | Kerala University of Digital Sciences, Innovation and Technology Knowledge Centre | Kerala University of Digital Sciences, Innovation and Technology Knowledge Centre | Computer Science | 12/08/2013 | 10322.00 | 006.3 WIE/C | 2816 | 03/12/2020 | 12/08/2013 | Books |